[Event "Reykjavik Open 2015"]
[Site "Reykjavik, "]
[Date "2015.03.11"]
[Round "3.68"]
[White "Haessel, Dale R"]
[Black "Meier, Gerd"]
[Result "1-0"]
[WhiteElo "2174"]
[BlackElo "1868"]
[PlyCount "47"]
[EventDate "2015.03.10"]

1. d4 Nf6 2. c4 e5 3. dxe5 Ng4 4. Bf4 Bb4+ 5. Nd2 Nc6 6. Ngf3 Qe7 7. e3 Ngxe5
8. Nxe5 Nxe5 9. Be2 O-O 10. O-O Bxd2 11. Qxd2 d6 12. b4 Be6 13. c5 f6 14. cxd6
cxd6 15. Rfd1 Rfd8 16. Rac1 Rac8 17. h3 Rxc1 18. Rxc1 Qd7 19. b5 b6 20. a4 d5
21. Qd4 Ng6 22. Rc7 Qe8 23. Rxa7 Nxf4 24. Qxf4 1-0

[Event "Reykjavik Open 2015"]
[Site "Reykjavik, "]
[Date "2015.03.11"]
[Round "3.83"]
[White "Miller, David"]
[Black "Johansen, Arnt-Ole"]
[Result "1/2-1/2"]
[WhiteElo "2066"]
[BlackElo "1819"]
[PlyCount "103"]
[EventDate "2015.03.10"]

1. e4 c6 2. Nc3 d5 3. Nf3 Bg4 4. h3 Bh5 5. exd5 cxd5 6. Bb5+ Nc6 7. g4 Bg6 8.
Ne5 Qc7 9. d4 e6 10. Qe2 Nge7 11. Bf4 Qb6 12. O-O-O O-O-O 13. Qe3 a6 14. Bxc6
Nxc6 15. Na4 Qb5 16. Nxc6 Qxc6 17. Qc3 Bd6 18. Qxc6+ bxc6 19. Bxd6 Rxd6 20. Nc5
a5 21. Rhe1 Kc7 22. Re3 Rdd8 23. Rb3 Ra8 24. Rb7+ Kc8 25. Re1 a4 26. Re3 Ra5
27. Rb4 h5 28. Nxa4 hxg4 29. Reb3 Rb5 30. hxg4 Rxb4 31. Rxb4 Rh1+ 32. Kd2 Rf1
33. Ke2 Rg1 34. c3 Rxg4 35. Nc5 Rg1 36. a4 Ra1 37. Nb3 Rb1 38. Na5 Kc7 39. Rb7+
Kc8 40. Rb6 Bc2 41. b3 Kd7 42. Kd2 Bd1 43. Nb7 Kc7 44. Rb4 Bxb3 45. Nc5 Ba2 46.
a5 Rxb4 47. cxb4 Bc4 48. Ke3 Ba2 49. Kf4 Bb1 50. Ke5 Bf5 51. Kf4 f6 52. Na6+
1/2-1/2

[Event "Reykjavik Open 2015"]
[Site "Reykjavik, "]
[Date "2015.03.11"]
[Round "3.91"]
[White "Lunn, Matthew"]
[Black "Sigurdsson, Birkir Karl"]
[Result "1/2-1/2"]
[WhiteElo "2034"]
[BlackElo "1767"]
[PlyCount "80"]
[EventDate "2015.03.10"]

1. d4 e6 2. c4 Nf6 3. Nc3 Bb4 4. Qc2 O-O 5. e4 d5 6. e5 Ne4 7. Bd3 c5 8. cxd5
exd5 9. Nge2 cxd4 10. Nxd4 Nd7 11. f4 Ndc5 12. O-O Nxd3 13. Qxd3 Bxc3 14. bxc3
Qa5 15. Be3 Qxc3 16. Qxc3 Nxc3 17. Rfc1 Ne4 18. Nb5 b6 19. Nc7 Rb8 20. Nxd5 Bb7
21. Ne7+ Kh8 22. Rc7 Rfd8 23. Rac1 h6 24. f5 Nc5 25. f6 Rd7 26. Rxd7 Nxd7 27.
fxg7+ Kxg7 28. Nf5+ Kg6 29. Ne7+ Kg7 30. Bd4 Kf8 31. Nf5 Rc8 32. Rxc8+ Bxc8 33.
Nxh6 Nc5 34. g4 Ne6 35. Bb2 Nf4 36. Nf5 Bb7 37. Ba3+ Kg8 38. h4 Ne2+ 39. Kf2
Nc3 40. Nd4 Nxa2 1/2-1/2

[Event "Reykjavik Open 2015"]
[Site "Harpa"]
[Date "2015.03.11"]
[Round "3.10"]
[White "Stopa, Jacek"]
[Black "Soors, Stef"]
[Result "1-0"]
[WhiteElo "2544"]
[BlackElo "2408"]
[PlyCount "79"]
[EventDate "2015.??.??"]
[WhiteClock "1:16:46"]
[BlackClock "0:51:32"]

1. d4 Nf6 2. c4 e6 3. Nc3 Bb4 4. f3 d5 5. a3 Be7 6. e4 dxe4 7. fxe4 e5 8. d5
Bc5 9. Bg5 h6 10. Bh4 Bd4 11. Nb5 Bxb2 12. Rb1 a6 13. Bxf6 gxf6 14. Nxc7+ Qxc7
15. Rxb2 Nd7 16. Qf3 b5 17. Nh3 bxc4 18. Nf2 Rg8 19. g3 Rg6 20. Be2 Nb6 21. O-O
Bd7 22. Qe3 f5 23. exf5 Bxf5 24. d6 Qxd6 25. Qf3 Rf6 26. Rxb6 Qxb6 27. Qxa8+
Ke7 28. g4 Bd3 29. Bxd3 cxd3 30. Qd5 Kf8 31. Qxd3 Rf4 32. Qe2 h5 33. h3 Qd4 34.
gxh5 f5 35. Qxa6 Qe3 36. Qd6+ Kf7 37. Qd3 Qb6 38. Qg3 Kf8 39. Rc1 Qb7 40. Qg5
1-0

[Event "Reykjavik Open 2015"]
[Site "Harpa"]
[Date "2015.03.11"]
[Round "3.12"]
[White "Jensson, Einar Hjalti"]
[Black "Brunello, Sabino"]
[Result "1/2-1/2"]
[WhiteElo "2390"]
[BlackElo "2540"]
[PlyCount "51"]
[EventDate "2015.??.??"]
[WhiteClock "0:19:57"]
[BlackClock "0:30:45"]

1. d4 Nf6 2. c4 e6 3. Nc3 Bb4 4. Nf3 b6 5. Qb3 c5 6. Bg5 Bb7 7. e3 Nc6 8. a3
Na5 9. Qc2 Bxc3+ 10. Qxc3 Ne4 11. Bxd8 Nxc3 12. Bxb6 axb6 13. bxc3 Bxf3 14.
gxf3 Nb3 15. Ra2 Ra4 16. Kd1 Ke7 17. Kc2 Na5 18. Rb2 Rxa3 19. Rxb6 Ra1 20. Rb1
Ra2+ 21. Rb2 Ra1 22. Rb1 Ra2+ 23. Rb2 Ra1 24. Rb1 Ra2+ 25. Rb2 Ra1 26. Rb1
1/2-1/2

[Event "Reykjavik Open 2015"]
[Site "Harpa"]
[Date "2015.03.11"]
[Round "3.17"]
[White "Idani, Pouya"]
[Black "Christiansen, Johan-Sebastian"]
[Result "0-1"]
[WhiteElo "2496"]
[BlackElo "2351"]
[PlyCount "94"]
[EventDate "2015.??.??"]
[WhiteClock "1:18:46"]
[BlackClock "1:13:23"]

1. e4 e6 2. d4 d5 3. Nd2 c5 4. Ngf3 cxd4 5. exd5 Qxd5 6. Bc4 Qd6 7. O-O Nc6 8.
Ne4 Qd8 9. Qe2 Be7 10. Rd1 Nf6 11. c3 O-O 12. Nxd4 Nxd4 13. Rxd4 Qc7 14. Nxf6+
Bxf6 15. Bf4 e5 16. Bg3 Bd7 17. Re4 Rfe8 18. Re1 Qc5 19. Qe3 Qc6 20. Bb3 a5 21.
Rc4 Qa6 22. Rc5 h5 23. Rd1 Bg4 24. f3 Be6 25. Ba4 Red8 26. Bxe5 Rxd1+ 27. Bxd1
Be7 28. Rc7 Bd8 29. Be2 b5 30. Rc5 Bb6 31. a4 Bc4 32. axb5 Qxb5 33. Rxb5 Bxe3+
34. Kf1 Bxb5 35. Bxb5 Rd8 36. Bc6 Rd2 37. b4 axb4 38. cxb4 Rf2+ 39. Ke1 Rxg2
40. Bc7 g5 41. b5 Bf4 42. Bxf4 gxf4 43. h3 Kf8 44. b6 Rb2 45. b7 Ke7 46. Kd1
Kd6 47. Be4 Kc7 0-1

[Event "Reykjavik Open 2015"]
[Site "Harpa"]
[Date "2015.03.11"]
[Round "3.18"]
[White "Welling, Gerard"]
[Black "Kjartansson, Gudmundur"]
[Result "1/2-1/2"]
[WhiteElo "2355"]
[BlackElo "2491"]
[PlyCount "96"]
[EventDate "2015.??.??"]
[WhiteClock "1:01:46"]
[BlackClock "1:16:17"]

1. d4 Nf6 2. Nf3 e6 3. e3 c5 4. Bd3 d5 5. c3 Nbd7 6. Nbd2 Bd6 7. O-O O-O 8. e4
cxd4 9. cxd4 dxe4 10. Nxe4 Nxe4 11. Bxe4 Nf6 12. Bc2 b6 13. Bg5 Bb7 14. Qd3 g6
15. Rfe1 Be7 16. Bh6 Re8 17. Ba4 Nd7 18. Qb5 Bxf3 19. Qxd7 Qxd7 20. Bxd7 Red8
21. Bxe6 Bb4 22. Re5 Bb7 23. Bb3 Rxd4 24. h3 Bf8 25. Bxf8 Kxf8 26. Rc1 Rc8 27.
Rxc8+ Bxc8 28. Rd5 Rxd5 29. Bxd5 g5 30. f4 f6 31. Kf2 h5 32. Ke3 Ke7 33. Bf3 h4
34. Ke4 Be6 35. a3 Kd6 36. fxg5 fxg5 37. b4 b5 38. Bg4 Bd5+ 39. Kf5 Bxg2 40.
Kxg5 Kd5 41. Kxh4 Kc4 42. Be2+ Kb3 43. Bxb5 Kxa3 44. Kg4 Kxb4 45. Bd7 Bxh3+ 46.
Kxh3 a5 47. Be8 a4 48. Bxa4 Kxa4 1/2-1/2